| 000 | 00750nam a22002417a 4500 | ||
|---|---|---|---|
| 001 | 20614 | ||
| 003 | UA-OsUOA | ||
| 005 | 20210915220534.0 | ||
| 007 | ta | ||
| 008 | 20031101b un ||||| |||| 00| 0 ukr d | ||
| 040 |
_aUA-OsUOA _brus _cUA-OsUOA _dUA-OsUOA |
||
| 041 | _arus | ||
| 044 | _aRU | ||
| 080 | _a913(470+571) | ||
| 090 |
_a913(470+571) _bИ90 |
||
| 245 |
_aИсторико-краеведческие записки _cБ. С. Абвалихин, Г. М. Головкин, В. И. Мамонтов и др. _nВып. 4 |
||
| 260 |
_aВолгоград _bНижне-Волжское _c1989 |
||
| 300 | _a223 с. | ||
| 650 | 7 | _2UDC | |
| 942 |
_cBK _2udc |
||
| 955 | _a0 | ||
| 999 |
_c306794 _d306794 |
||